000 00293nam a2200097Ia 4500
005 20251222114350.0
008 251222s1900||||xx |||||||||||||| ||spa||
082 _aDVD0092/R85/2006/Ej.2
245 0 _aEl Papa Juan Pablo II: constructor de fuentes :Pope John Paul II: Bulde of bridges
942 _cDVD
999 _c1194
_d1194